Statistics for Most Subscribed YouTube Channels

Click here to take the quiz!

General Stats

  • This quiz has been taken 1,058 times
  • The average score is 4 of 20

Answer Stats

Hint Answer % Correct
4,477,939smosh
77%
5,181,187nigahiga
49%
5,346,955RayWilliamJohnson
40%
2,636,234JennaMarbles
36%
2,232,976Fred
29%
2,905,836ShaneDawsonTV
27%
4,274,523machinima
13%
2,337,682EpicMealTime
13%
3,037,878freddiew
12%
2,124,044RihannaVEVO
12%
2,297,164kevjumba
9%
2,385,416realannoyingorange
9%
2,025,071sxephil
7%
2,138,785MysteryGuitarMan
6%
2,737,728collegehumor
6%
1,871,524MichellePhan
6%
2,176,668FPSRussia
4%
1,933,061ShaneDawsonTV2
4%
2,188,030thelonelyisland
3%
1,914,041KassemG
3%

Score Distribution

Percentile by Number Answered

Percent of People with Each Score

Your Score History

You have not taken this quiz